00345pab a2200133 454500008004000000100002000040245004000060260000900100300001300109362000800122650003600130650002200166773002300188180718b2001 xxu||||| |||| 00| 0 eng d aKrishan, Kulbir aPolicing the Indo-Bangladesh border c2001 ap.663-73 aAug aIndia - Boundaries - Bangladesh aBoundary disputes aStrategic Analysis